000
00318nam a2200133Ia 4500
005
20251222155154.0
008
251222s9999||||xx |||||||||||||| ||spa||
082
_a
MEQ. 10
100
_a
HAMILTON M.B.
245
0
_a
Procedimiento en EnfermerÃa
250
_a
1ra. ed.
264
_b
Interamericana S.A.
942
_c
LIB
999
_c
39672
_d
39672